000
00201 a2200097 4500
020
_a
9781335135582
041
_a
eng
100
_a
Lindsey, Julie Anne
245
_a
Missing in the mountains
942
_c
BK
999
_c
31078
_d
31076